[Event "4. Kesarovski-Georgiev Memorial"]
[Site "Sunny Beach BUL"]
[Date "2005.09.16"]
[Round "1.1"]
[White "Bojkov, Dejan"]
[Black "Dimitrov, Pavel"]
[Result "1-0"]
[WhiteElo "2522"]
[BlackElo "2161"]
[PlyCount "91"]
[EventDate "2005.09.16"]
[EventType "swiss"]
[EventRounds "9"]
[EventCountry "BUL"]
[Source "lmi"]
[SourceDate "2005.09.25"]

1. e4 e5 2. Nf3 Nc6 3. Bc4 Nf6 4. d3 Be7 5. O-O O-O 6. Bb3 d6 7. c3 Na5 8. Bc2
c5 9. Nbd2 a6 10. Re1 b5 11. Nf1 Qc7 12. Ng3 Re8 13. h3 g6 14. Nh2 Bf8 15. Bg5
Bg7 16. Qf3 Qe7 17. Ng4 Bxg4 18. hxg4 Qe6 19. Bd1 h6 20. Bd2 Nh7 21. Nf1 Nc6
22. Ne3 Ne7 23. Bb3 Qf6 24. Qe2 Ng5 25. a4 Ne6 26. g3 Nc7 27. g5 Qxg5 28. Nd5
Nexd5 29. Bxg5 Nxc3 30. bxc3 hxg5 31. axb5 Nxb5 32. Qd2 Bf6 33. Bd5 Rad8 34.
Bc6 Re7 35. Rxa6 Nc7 36. Ra7 Rb8 37. Qa2 Rb6 38. Ba4 d5 39. exd5 Rd6 40. Bc6
Kg7 41. c4 g4 42. Qa5 Ne6 43. Rxe7 Nd4 44. Rd7 Nxc6 45. dxc6 Rxc6 46. Qa7 1-0

[Event "4. Kesarovski-Georgiev Memorial"]
[Site "Sunny Beach BUL"]
[Date "2005.09.16"]
[Round "1.2"]
[White "Asparuhov, Parvan"]
[Black "Savchenko, Stanislav"]
[Result "0-1"]
[WhiteElo "2141"]
[BlackElo "2506"]
[PlyCount "66"]
[EventDate "2005.09.16"]
[EventType "swiss"]
[EventRounds "9"]
[EventCountry "BUL"]
[Source "lmi"]
[SourceDate "2005.09.25"]

1. e4 c5 2. Nc3 Nc6 3. g3 g6 4. Bg2 Bg7 5. d3 d6 6. f4 Rb8 7. Nh3 b5 8. O-O Nd4
9. Nd5 e6 10. Ne3 b4 11. Ng5 h6 12. Nf3 Ne7 13. g4 f5 14. gxf5 exf5 15. Nh4 O-O
16. c3 bxc3 17. bxc3 Nb5 18. Qb3+ Kh7 19. a4 Nxc3 20. Qxb8 Ne2+ 21. Kf2 Bxa1
22. Kxe2 Nc6 23. Qb1 Nd4+ 24. Kd1 Qxh4 25. Bd2 Qh5+ 26. Kc1 Ne2+ 27. Kc2 Bg7
28. exf5 Nd4+ 29. Kc1 gxf5 30. h3 Bd7 31. Qa2 Qe2 32. Qc4 Be6 33. Bd5 Bxd5 0-1

[Event "4. Kesarovski-Georgiev Memorial"]
[Site "Sunny Beach BUL"]
[Date "2005.09.16"]
[Round "1.3"]
[White "Radulski, Julian"]
[Black "Ljangov, Petar"]
[Result "1-0"]
[WhiteElo "2502"]
[BlackElo "2140"]
[PlyCount "75"]
[EventDate "2005.09.16"]
[EventType "swiss"]
[EventRounds "9"]
[EventCountry "BUL"]
[Source "lmi"]
[SourceDate "2005.09.25"]

1. e4 c5 2. Nf3 d6 3. d4 Nf6 4. Nc3 cxd4 5. Nxd4 a6 6. Bg5 e6 7. f4 Be7 8. Qf3
h6 9. Bh4 Nbd7 10. O-O-O Qc7 11. Qg3 Rg8 12. Be2 g5 13. fxg5 hxg5 14. Bxg5 Qc5
15. h4 b5 16. Bf3 Ne5 17. Qf4 Ng6 18. Qd2 Bb7 19. e5 Bxf3 20. Nxf3 Nxe5 21.
Bxf6 Nxf3 22. gxf3 Bxf6 23. Ne4 Qe5 24. Nxf6+ Qxf6 25. Qxd6 Qxf3 26. h5 Rh8 27.
h6 Qf5 28. h7 Qg5+ 29. Kb1 Rd8 30. Qc6+ Kf8 31. Rxd8+ Qxd8 32. Qc5+ Qe7 33.
Qc8+ Qe8 34. Qxa6 Qd8 35. a4 Qd5 36. Qc8+ Kg7 37. Rg1+ Kxh7 38. Qc3 1-0

[Event "4. Kesarovski-Georgiev Memorial"]
[Site "Sunny Beach BUL"]
[Date "2005.09.16"]
[Round "1.5"]
[White "Georgiev, Krum"]
[Black "Spasov, Aleksandar"]
[Result "1-0"]
[WhiteElo "2468"]
[BlackElo "2130"]
[PlyCount "43"]
[EventDate "2005.09.16"]
[EventType "swiss"]
[EventRounds "9"]
[EventCountry "BUL"]
[Source "lmi"]
[SourceDate "2005.09.25"]

1. e4 c5 2. Nf3 d6 3. c3 e6 4. d4 cxd4 5. cxd4 Nd7 6. Nc3 a6 7. Bd3 Ngf6 8. O-O
Be7 9. e5 dxe5 10. dxe5 Nd5 11. Nxd5 exd5 12. Be3 b6 13. Rc1 Bb7 14. Bf5 Nc5
15. Nd4 g6 16. Bb1 O-O 17. Qg4 h5 18. Qe2 Kg7 19. Rfd1 Qd7 20. Bf5 Ne6 21. Bxe6
fxe6 22. Rc7 1-0

[Event "4. Kesarovski-Georgiev Memorial"]
[Site "Sunny Beach BUL"]
[Date "2005.09.16"]
[Round "1.6"]
[White "Karadimov, Marin"]
[Black "Janev, Evgeni"]
[Result "0-1"]
[WhiteElo "2120"]
[BlackElo "2460"]
[PlyCount "80"]
[EventDate "2005.09.16"]
[EventType "swiss"]
[EventRounds "9"]
[EventCountry "BUL"]
[Source "lmi"]
[SourceDate "2005.09.25"]

1. Nf3 d6 2. d4 Nf6 3. h3 g6 4. Bf4 Bg7 5. Nbd2 O-O 6. e3 Nbd7 7. Be2 Re8 8.
O-O e5 9. dxe5 dxe5 10. Bh2 e4 11. Nd4 a6 12. Nc4 Nf8 13. Qd2 Qe7 14. Rfd1 h5
15. Qa5 Be6 16. Ne5 Red8 17. Nxe6 Nxe6 18. Bc4 Ne8 19. Bb3 Kh7 20. Rd5 f6 21.
Rxd8 Rxd8 22. Nc4 b5 23. Nd2 Nc5 24. Nf1 f5 25. Qb4 Bf6 26. a4 c6 27. axb5 cxb5
28. Rb1 Kg7 29. Ba2 Qa7 30. Qe1 Na4 31. Rd1 Qb6 32. Rxd8 Qxd8 33. Qb4 Nxb2 34.
Qc5 Na4 35. Qa3 Nc3 36. Qb3 Nxa2 37. Qxa2 a5 38. c4 bxc4 39. Qxc4 Qd7 40. Bf4
a4 0-1

[Event "4. Kesarovski-Georgiev Memorial"]
[Site "Sunny Beach BUL"]
[Date "2005.09.16"]
[Round "1.7"]
[White "Yermishin, Viktor"]
[Black "Antonov, Ognjan"]
[Result "1-0"]
[WhiteElo "2450"]
[BlackElo "2110"]
[PlyCount "79"]
[EventDate "2005.09.16"]
[EventType "swiss"]
[EventRounds "9"]
[EventCountry "BUL"]
[Source "lmi"]
[SourceDate "2005.09.25"]

1. e4 Nf6 2. Nc3 d5 3. exd5 Nxd5 4. d4 Bf5 5. Nf3 e6 6. Nxd5 exd5 7. Bd3 Bxd3
8. Qxd3 c6 9. O-O Be7 10. Re1 O-O 11. Bf4 Nd7 12. Re2 Re8 13. Rae1 Nf8 14. Qf5
Ne6 15. Rxe6 g6 16. Rxe7 gxf5 17. Rxe8+ Qxe8 18. Rxe8+ Rxe8 19. Kf1 Kg7 20. c3
h5 21. g3 Kf6 22. Be5+ Ke7 23. Nh4 Ke6 24. Kg2 Rg8 25. Kf3 f6 26. Bf4 Rg7 27.
h3 Rg8 28. Be3 Rg7 29. Kf4 Rg5 30. b3 a5 31. Bc1 b5 32. Ba3 Rg7 33. Bc5 Rg5 34.
a3 Rg8 35. Nxf5 Rg5 36. Ne7 Kd7 37. f3 Rg7 38. Nf5 Rg8 39. h4 Ke6 40. Ne7 1-0

[Event "4. Kesarovski-Georgiev Memorial"]
[Site "Sunny Beach BUL"]
[Date "2005.09.16"]
[Round "1.8"]
[White "Nikolov, Jordan"]
[Black "Iotov, Valentin"]
[Result "0-1"]
[WhiteElo "2102"]
[BlackElo "2447"]
[PlyCount "68"]
[EventDate "2005.09.16"]
[EventType "swiss"]
[EventRounds "9"]
[EventCountry "BUL"]
[Source "lmi"]
[SourceDate "2005.09.25"]

1. e4 c5 2. Nc3 Nc6 3. g3 g6 4. Bg2 Bg7 5. d3 d6 6. f4 e6 7. Nh3 Nge7 8. O-O
O-O 9. g4 f5 10. Nf2 b6 11. h3 Bb7 12. Ne2 d5 13. c3 dxe4 14. dxe4 Qc7 15. Qb3
Qc8 16. Rd1 Na5 17. Qc2 Qc7 18. b3 Rae8 19. Rb1 Nac6 20. Be3 e5 21. exf5 gxf5
22. Rf1 Kh8 23. Rbd1 Ng6 24. gxf5 Nh4 25. Be4 Ne7 26. Bxb7 Qxb7 27. Qe4 Qa6 28.
Ng3 Nhxf5 29. Nxf5 Nxf5 30. Ng4 exf4 31. Qxf4 Nxe3 32. Qxf8+ Rxf8 33. Rxf8+
Bxf8 34. Nxe3 Qxa2 0-1

[Event "4. Kesarovski-Georgiev Memorial"]
[Site "Sunny Beach BUL"]
[Date "2005.09.16"]
[Round "1.9"]
[White "Dobrev, Nanko"]
[Black "Dimitrov, Radoslav"]
[Result "1/2-1/2"]
[WhiteElo "2426"]
[BlackElo "2099"]
[PlyCount "106"]
[EventDate "2005.09.16"]
[EventType "swiss"]
[EventRounds "9"]
[EventCountry "BUL"]
[Source "lmi"]
[SourceDate "2005.09.25"]

1. d4 d5 2. c4 e5 3. e3 exd4 4. Qxd4 Nf6 5. cxd5 Nxd5 6. Bc4 Be6 7. a3 Nc6 8.
Bb5 a6 9. Bxc6+ bxc6 10. Nf3 c5 11. Qa4+ Qd7 12. Qc2 Be7 13. O-O O-O 14. e4 Nb6
15. Nc3 a5 16. Be3 a4 17. Rad1 Qc6 18. Nd2 Rfd8 19. Ne2 Qb5 20. Nf4 Bb3 21.
Nxb3 axb3 22. Qc1 c6 23. Rxd8+ Rxd8 24. Rd1 Rxd1+ 25. Qxd1 Nc4 26. Qd7 Bf8 27.
Bc1 Nxa3 28. e5 Qc4 29. Bd2 Qe4 30. g3 Nc4 31. e6 fxe6 32. Bc3 Nb6 33. Qe8 Qb1+
34. Kg2 Qe4+ 35. f3 Qc2+ 36. Kg1 Qd1+ 37. Kf2 Qc2+ 38. Ne2 Qf5 39. g4 Qd5 40.
Nf4 Qd7 41. Qxd7 Nxd7 42. Nxe6 c4 43. Ke3 c5 44. h4 Nb6 45. Nc7 Kf7 46. f4 Bd6
47. Nb5 Bb8 48. Ke4 g6 49. Na3 Na4 50. Nxc4 Nxc3+ 51. bxc3 Bc7 52. Nb2 Kf6 53.
Na4 h5 1/2-1/2

[Event "4. Kesarovski-Georgiev Memorial"]
[Site "Sunny Beach BUL"]
[Date "2005.09.16"]
[Round "1.10"]
[White "Angelov, Zvetomir"]
[Black "Rusev, Krasimir"]
[Result "0-1"]
[WhiteElo "2098"]
[BlackElo "2426"]
[PlyCount "66"]
[EventDate "2005.09.16"]
[EventType "swiss"]
[EventRounds "9"]
[EventCountry "BUL"]
[Source "lmi"]
[SourceDate "2005.09.25"]

1. c4 Nf6 2. Nc3 e5 3. Nf3 e4 4. Nd4 Nc6 5. Nc2 Bc5 6. d4 exd3 7. exd3 d5 8. d4
Be7 9. c5 O-O 10. Be2 b6 11. b4 Bf5 12. Ne3 Bg6 13. b5 Nxd4 14. cxb6 Nxe2 15.
bxc7 Qxc7 16. Nxe2 Qa5+ 17. Bd2 Qxb5 18. O-O Rac8 19. Nf4 d4 20. Nxg6 hxg6 21.
Nc2 Rfd8 22. Ne1 Ne4 23. Rb1 Qc4 24. Rb7 Bf6 25. Rxa7 Nc3 26. Qg4 Ne2+ 27. Kh1
Ng3+ 28. hxg3 Qxf1+ 29. Kh2 Rc5 30. Nf3 Rh5+ 31. Nh4 Qxf2 32. Rxf7 Rxh4+ 33.
gxh4 Kxf7 0-1

[Event "4. Kesarovski-Georgiev Memorial"]
[Site "Sunny Beach BUL"]
[Date "2005.09.16"]
[Round "1.12"]
[White "Pionova, Sonja"]
[Black "Vasilev, Milen"]
[Result "0-1"]
[WhiteElo "2084"]
[BlackElo "2419"]
[PlyCount "100"]
[EventDate "2005.09.16"]
[EventType "swiss"]
[EventRounds "9"]
[EventCountry "BUL"]
[Source "lmi"]
[SourceDate "2005.09.25"]

1. e4 c5 2. Nf3 d6 3. d4 cxd4 4. Nxd4 Nf6 5. Nc3 g6 6. g3 Bg7 7. Bg2 O-O 8. O-O
Nc6 9. Nb3 Bg4 10. f3 Be6 11. Nd5 Rc8 12. c3 Na5 13. h3 Bxd5 14. exd5 Nc4 15.
Re1 a5 16. f4 a4 17. Nd4 Nb6 18. Nc2 Rc5 19. Be3 Rb5 20. Nb4 Ra5 21. a3 Nc4 22.
Bd4 Re8 23. Qe2 Qc7 24. Qf2 Raa8 25. Re2 Qd7 26. Kh2 Na5 27. Rd1 Nb3 28. Be3
Rac8 29. Qe1 Rc4 30. Bg1 h5 31. Qf2 Qf5 32. Rde1 Kf8 33. Qf3 Bh6 34. Bf2 h4 35.
Qd3 Qxd3 36. Nxd3 Nh5 37. Re4 b5 38. Rxc4 bxc4 39. Nb4 hxg3+ 40. Bxg3 Bxf4 41.
Bxf4 Nxf4 42. Bf1 Nd2 43. Be2 Nxe2 44. Rxe2 Nf3+ 45. Kg3 Ne5 46. Re4 f5 47. Rd4
Rc8 48. Kf4 Kf7 49. h4 Kf6 50. Nc2 Nd3+ 0-1

[Event "4. Kesarovski-Georgiev Memorial"]
[Site "Sunny Beach BUL"]
[Date "2005.09.16"]
[Round "1.15"]
[White "Petrov, Marijan"]
[Black "Dikov, Dian"]
[Result "1-0"]
[WhiteElo "2406"]
[BlackElo "2068"]
[PlyCount "97"]
[EventDate "2005.09.16"]
[EventType "swiss"]
[EventRounds "9"]
[EventCountry "BUL"]
[Source "lmi"]
[SourceDate "2005.09.25"]

1. e4 c5 2. Nf3 d6 3. d4 cxd4 4. Nxd4 Nf6 5. Nc3 a6 6. f4 e6 7. Bd3 Nc6 8. Nf3
Qc7 9. O-O b5 10. Qe1 Bb7 11. Kh1 Nd7 12. Qg3 Nb4 13. Be3 Nxd3 14. cxd3 b4 15.
Nd1 Nc5 16. Rc1 Qd7 17. Nf2 Qb5 18. Nd4 Qd7 19. f5 e5 20. Nc2 Qb5 21. Bxc5 Qxc5
22. Ne3 Qb6 23. Nd5 Bxd5 24. exd5 f6 25. Ne4 Rd8 26. Qg4 Qb7 27. Rc6 Qf7 28.
Qf3 Be7 29. Rxa6 O-O 30. Rc1 Kh8 31. Rc7 Rc8 32. Raa7 Rxc7 33. Rxc7 Rd8 34. Qe3
Qe8 35. h3 Bf8 36. Qb6 h6 37. Qxb4 Qh5 38. Ng3 Qd1+ 39. Kh2 Qxd3 40. Qc4 Qd2
41. b4 Ra8 42. Rc8 Rxa2 43. Rxf8+ Kh7 44. Qe4 Qf2 45. Nh5 Ra1 46. Rf7 Qg1+ 47.
Kg3 Ra3+ 48. Kh4 Rxh3+ 49. Kxh3 1-0

[Event "4. Kesarovski-Georgiev Memorial"]
[Site "Sunny Beach BUL"]
[Date "2005.09.16"]
[Round "1.16"]
[White "Dojkova, Galina"]
[Black "Nikolov, Sasho"]
[Result "0-1"]
[WhiteElo "2054"]
[BlackElo "2400"]
[PlyCount "52"]
[EventDate "2005.09.16"]
[EventType "swiss"]
[EventRounds "9"]
[EventCountry "BUL"]
[Source "lmi"]
[SourceDate "2005.09.25"]

1. e4 b6 2. d4 Bb7 3. Nc3 e6 4. Nf3 Bb4 5. Bd3 Nf6 6. Qe2 d5 7. e5 Ne4 8. Bd2
Nxd2 9. Nxd2 c5 10. Qg4 O-O 11. a3 cxd4 12. axb4 dxc3 13. bxc3 Qc7 14. O-O Qxe5
15. Nf3 Qf6 16. Ng5 g6 17. Rae1 Nd7 18. Re3 Qg7 19. Rfe1 a5 20. Rh3 Qxc3 21.
Rb1 h5 22. Qg3 axb4 23. Qd6 Ra1 24. Rf1 Nc5 25. Bxg6 Rxf1+ 26. Kxf1 Ba6+ 0-1

[Event "4. Kesarovski-Georgiev Memorial"]
[Site "Sunny Beach BUL"]
[Date "2005.09.16"]
[Round "1.17"]
[White "Grigorov, Grigor"]
[Black "Nikolova, Adriana"]
[Result "1-0"]
[WhiteElo "2400"]
[BlackElo "2035"]
[PlyCount "53"]
[EventDate "2005.09.16"]
[EventType "swiss"]
[EventRounds "9"]
[EventCountry "BUL"]
[Source "lmi"]
[SourceDate "2005.09.25"]

1. d4 Nf6 2. c4 e6 3. Nc3 Bb4 4. Qc2 d5 5. cxd5 exd5 6. Bg5 h6 7. Bh4 g5 8. Bg3
Ne4 9. e3 Bf5 10. Bd3 Bxc3+ 11. bxc3 Bg6 12. Ne2 Qe7 13. O-O O-O 14. Rae1 c5
15. dxc5 Qxc5 16. Be5 f5 17. Bd4 Qd6 18. f3 Nc5 19. Bxc5 Qxc5 20. Nd4 Qc8 21.
e4 fxe4 22. fxe4 Nc6 23. Rxf8+ Qxf8 24. Ne6 Qa3 25. exd5 Nb4 26. cxb4 Qxd3 27.
Qb2 1-0

[Event "4. Kesarovski-Georgiev Memorial"]
[Site "Sunny Beach BUL"]
[Date "2005.09.16"]
[Round "1.18"]
[White "Mahlev, Atanas"]
[Black "Nikolov, Momchil"]
[Result "0-1"]
[WhiteElo "2022"]
[BlackElo "2400"]
[PlyCount "104"]
[EventDate "2005.09.16"]
[EventType "swiss"]
[EventRounds "9"]
[EventCountry "BUL"]
[Source "lmi"]
[SourceDate "2005.09.25"]

1. d4 Nf6 2. c4 d6 3. Nc3 e5 4. dxe5 dxe5 5. Qxd8+ Kxd8 6. Nf3 Nbd7 7. g3 c6 8.
Bg2 Be7 9. Ng5 Rf8 10. O-O h6 11. Nge4 Nxe4 12. Nxe4 f5 13. Nc3 Kc7 14. b3 Nc5
15. Bb2 Be6 16. Rac1 a5 17. Nd5+ cxd5 18. cxd5 Bd7 19. Bxe5+ Kb6 20. Bxg7 Rg8
21. Bxh6 Bd6 22. Be3 Rac8 23. Bd4 Ka6 24. e3 Nd3 25. Rcd1 Nc5 26. Rfe1 Ne4 27.
Rc1 Bb4 28. Red1 Nc3 29. Bf1+ b5 30. Bxc3 Rxc3 31. Rxc3 Bxc3 32. a4 Kb6 33.
axb5 Bxb5 34. Bg2 Kc5 35. d6 Kb4 36. Bd5 Rd8 37. Be6 Bd7 38. Bf7 Bc6 39. Be6
Bf3 40. Rd3 Be4 41. Rd1 Bc2 42. Rc1 Rxd6 43. Bg8 Bxb3 44. Rb1 a4 45. h4 Rd1+
46. Rxd1 Bxd1 47. Be6 a3 48. Ba2 Bf6 49. Kg2 Kc3 50. f3 Kb2 51. Be6 Bb3 52.
Bxf5 a2 0-1

[Event "4. Kesarovski-Georgiev Memorial"]
[Site "Sunny Beach BUL"]
[Date "2005.09.16"]
[Round "1.19"]
[White "Kozhuharov, Spas"]
[Black "Vasilev, Plamen"]
[Result "1-0"]
[WhiteElo "2391"]
[BlackElo "2011"]
[PlyCount "31"]
[EventDate "2005.09.16"]
[EventType "swiss"]
[EventRounds "9"]
[EventCountry "BUL"]
[Source "lmi"]
[SourceDate "2005.09.25"]

1. e4 e5 2. Nf3 f5 3. Nxe5 Qf6 4. d4 d6 5. Nc4 fxe4 6. Be2 d5 7. Ne3 Be6 8. c4
Bb4+ 9. Bd2 Bxd2+ 10. Qxd2 Ne7 11. Nc3 c6 12. O-O O-O 13. f3 exf3 14. Rxf3 Qg5
15. Nexd5 Qh4 16. g3 1-0

[Event "4. Kesarovski-Georgiev Memorial"]
[Site "Sunny Beach BUL"]
[Date "2005.09.16"]
[Round "1.21"]
[White "Collas, Silvia"]
[Black "Gjurov, Asparuh"]
[Result "1-0"]
[WhiteElo "2372"]
[BlackElo "1939"]
[PlyCount "81"]
[EventDate "2005.09.16"]
[EventType "swiss"]
[EventRounds "9"]
[EventCountry "BUL"]
[Source "lmi"]
[SourceDate "2005.09.25"]

1. Nf3 d5 2. d4 e6 3. c4 c6 4. Qc2 f5 5. Bf4 Nf6 6. e3 Bd6 7. Bd3 Ne4 8. Nbd2
O-O 9. Bxe4 fxe4 10. Ne5 Bxe5 11. Bxe5 Nd7 12. Bg3 Nf6 13. O-O Ng4 14. Qb3 Kh8
15. Rae1 b6 16. Qa3 Rf7 17. f3 exf3 18. Nxf3 Kg8 19. c5 a5 20. h3 Nh6 21. Bh4
Qe8 22. cxb6 Ba6 23. Rf2 Bb5 24. Bg5 Qb8 25. Qc5 Ra6 26. Bxh6 gxh6 27. Ne5 Rxf2
28. Kxf2 Qd8 29. e4 Qxb6 30. Qxb6 Rxb6 31. Nd7 Rb7 32. Nc5 Rf7+ 33. Kg3 Rf6 34.
e5 Rg6+ 35. Kf2 Kf7 36. a4 Ke7 37. axb5 cxb5 38. Ra1 a4 39. b3 axb3 40. Ra7+
Kd8 41. Nxb3 1-0

[Event "4. Kesarovski-Georgiev Memorial"]
[Site "Sunny Beach BUL"]
[Date "2005.09.16"]
[Round "1.22"]
[White "Ochkov, Radoslav"]
[Black "Ivanov, Jordan"]
[Result "0-1"]
[WhiteElo "1725"]
[BlackElo "2347"]
[PlyCount "76"]
[EventDate "2005.09.16"]
[EventType "swiss"]
[EventRounds "9"]
[EventCountry "BUL"]
[Source "lmi"]
[SourceDate "2005.09.25"]

1. c4 e5 2. Nc3 Nc6 3. g3 g6 4. Bg2 Bg7 5. e3 h5 6. h4 d6 7. Nge2 Nh6 8. d3 O-O
9. O-O Be6 10. Rb1 Qd7 11. b4 Bh3 12. b5 Bxg2 13. Kxg2 Nd8 14. e4 f5 15. f4 Ng4
16. d4 exd4 17. Nxd4 Ne6 18. Nde2 Nc5 19. Qd5+ Qf7 20. e5 Qxd5+ 21. Nxd5 dxe5
22. Nxc7 Rac8 23. b6 axb6 24. Nd5 Ra8 25. a3 e4 26. Rxb6 Kf7 27. Rb5 Rac8 28.
Bd2 Rfd8 29. Rfb1 Nd7 30. Rxb7 Rxc4 31. Rc1 Rxc1 32. Bxc1 Ke6 33. Ne3 Rc8 34.
Nxg4 hxg4 35. Be3 Rc2 36. Kf2 Bf8 37. Rb3 Nc5 38. Kf1 Nxb3 0-1

[Event "4. Kesarovski-Georgiev Memorial"]
[Site "Sunny Beach BUL"]
[Date "2005.09.17"]
[Round "2.1"]
[White "Ivanov, Jordan"]
[Black "Bojkov, Dejan"]
[Result "0-1"]
[WhiteElo "2347"]
[BlackElo "2522"]
[PlyCount "88"]
[EventDate "2005.09.16"]
[EventType "swiss"]
[EventRounds "9"]
[EventCountry "BUL"]
[Source "lmi"]
[SourceDate "2005.09.25"]

1. Nf3 Nf6 2. c4 g6 3. Nc3 Bg7 4. e4 d6 5. d4 O-O 6. h3 e5 7. d5 a5 8. Bg5 Qe8
9. g4 Nfd7 10. Rg1 Na6 11. Qd2 Ndc5 12. O-O-O Bd7 13. Qe3 Na4 14. Nb5 f6 15.
Bh4 Qb8 16. Nd2 c6 17. Nc3 Nxc3 18. Qxc3 Bh6 19. Kb1 b5 20. g5 fxg5 21. Bxg5
Bxg5 22. Rxg5 Nc5 23. Qg3 Qe8 24. h4 cxd5 25. cxd5 Qf7 26. f3 Qf4 27. h5 Qxg3
28. Rxg3 Rf6 29. hxg6 Rxg6 30. Rxg6+ hxg6 31. Nb3 Nxb3 32. axb3 Rc8 33. Rc1 b4
34. Rxc8+ Bxc8 35. Kc1 Kg7 36. Kd2 Kf6 37. Bb5 Kg5 38. Be8 Kf4 39. Bxg6 Kxf3
40. Bf5 Ba6 41. Bg6 Kf4 42. Bf5 Bf1 43. Bh7 Bg2 44. Kd3 Bf3 0-1

[Event "4. Kesarovski-Georgiev Memorial"]
[Site "Sunny Beach BUL"]
[Date "2005.09.17"]
[Round "2.2"]
[White "Savchenko, Stanislav"]
[Black "Panbukchian, Valentin"]
[Result "1-0"]
[WhiteElo "2506"]
[BlackElo "2339"]
[PlyCount "125"]
[EventDate "2005.09.16"]
[EventType "swiss"]
[EventRounds "9"]
[EventCountry "BUL"]
[Source "lmi"]
[SourceDate "2005.09.25"]

1. d4 f5 2. g3 Nf6 3. Bg2 g6 4. b4 Bg7 5. Bb2 O-O 6. Nf3 Qe8 7. c4 d6 8. O-O h6
9. Nbd2 g5 10. e3 a5 11. a3 c6 12. Qc2 Na6 13. bxa5 Qh5 14. Bc3 f4 15. exf4
gxf4 16. Nh4 Re8 17. Rfe1 Nc7 18. Rab1 Ra7 19. Qd3 Ne6 20. Ndf3 Ng5 21. Nxg5
hxg5 22. Nf5 Bf8 23. d5 Qh7 24. Bxf6 Bxf5 25. Be4 Bxe4 26. Qxe4 Qxe4 27. Rxe4
cxd5 28. cxd5 Rxa5 29. Bxg5 fxg3 30. hxg3 Rxd5 31. Rg4 Kf7 32. Rxb7 Re5 33. a4
Ke6 34. Be3 Rc8 35. Kg2 Rc2 36. Bb6 Rb2 37. a5 Rxa5 38. Rxe7+ Bxe7 39. Bxa5 d5
40. Bc3 Rc2 41. Bd4 Bc5 42. Rg6+ Kd7 43. Bxc5 Rxc5 44. Kf3 Rc4 45. Ra6 Ke7 46.
Ke3 Re4+ 47. Kf3 Rb4 48. Rg6 Rb3+ 49. Kf4 Rb2 50. f3 Rb3 51. Ra6 d4 52. Ra4 Rd3
53. g4 Ke6 54. g5 Kd5 55. Ra5+ Ke6 56. Ra6+ Kf7 57. Rf6+ Ke7 58. Ke4 Rd1 59.
Rf5 d3 60. Rd5 d2 61. Ke3 Ke6 62. Rxd2 Ra1 63. Kf4 1-0

[Event "4. Kesarovski-Georgiev Memorial"]
[Site "Sunny Beach BUL"]
[Date "2005.09.17"]
[Round "2.4"]
[White "Chatalbashev, Boris"]
[Black "Panajotov, Janko"]
[Result "1-0"]
[WhiteElo "2499"]
[BlackElo "2302"]
[PlyCount "75"]
[EventDate "2005.09.16"]
[EventType "swiss"]
[EventRounds "9"]
[EventCountry "BUL"]
[Source "lmi"]
[SourceDate "2005.09.25"]

1. d4 c6 2. c4 b5 3. cxb5 cxb5 4. Bg5 h6 5. Bh4 g5 6. Bg3 Nf6 7. h4 Rg8 8. hxg5
hxg5 9. Nd2 Bb7 10. Rc1 d6 11. e4 Qa5 12. Bd3 Nc6 13. e5 dxe5 14. dxe5 Rd8 15.
Bb1 Nd5 16. e6 Nf6 17. exf7+ Kxf7 18. a3 e6 19. Ngf3 Bd6 20. Bxd6 Rxd6 21. Rc5
g4 22. Ng5+ Ke7 23. Nge4 Nxe4 24. Bxe4 Rg7 25. Qc1 Kd7 26. b4 Qb6 27. O-O Nd4
28. Re1 g3 29. Bxb7 gxf2+ 30. Kxf2 Qxb7 31. Ne4 Rf7+ 32. Kg1 Rd5 33. Qe3 Rff5
34. Rd1 Nf3+ 35. Qxf3 Rxf3 36. Rcxd5+ Qxd5 37. Rxd5+ exd5 38. Nc5+ 1-0

[Event "4. Kesarovski-Georgiev Memorial"]
[Site "Sunny Beach BUL"]
[Date "2005.09.17"]
[Round "2.5"]
[White "Vladimirov, Vladimir"]
[Black "Georgiev, Krum"]
[Result "0-1"]
[WhiteElo "2267"]
[BlackElo "2468"]
[PlyCount "58"]
[EventDate "2005.09.16"]
[EventType "swiss"]
[EventRounds "9"]
[EventCountry "BUL"]
[Source "lmi"]
[SourceDate "2005.09.25"]

1. g3 g6 2. Bg2 Bg7 3. e4 c5 4. Nc3 Nc6 5. d3 d6 6. Be3 e5 7. Qd2 Nge7 8. Bh6
O-O 9. Bxg7 Kxg7 10. Nge2 Be6 11. f4 Nd4 12. O-O f6 13. Rf2 Qb6 14. b3 Qa5 15.
Raf1 Rad8 16. a4 a6 17. h3 h6 18. g4 g5 19. fxg5 Nxe2+ 20. Qxe2 hxg5 21. Nd5
Bxd5 22. exd5 Ng6 23. Qe4 Rf7 24. Qf5 Rh8 25. Re2 Rh6 26. Qc8 Nf4 27. Rxf4 gxf4
28. Be4 Qc7 29. Qe6 f5 0-1

[Event "4. Kesarovski-Georgiev Memorial"]
[Site "Sunny Beach BUL"]
[Date "2005.09.17"]
[Round "2.6"]
[White "Janev, Evgeni"]
[Black "Stoinev, Metodi"]
[Result "1-0"]
[WhiteElo "2460"]
[BlackElo "2285"]
[PlyCount "41"]
[EventDate "2005.09.16"]
[EventType "swiss"]
[EventRounds "9"]
[EventCountry "BUL"]
[Source "lmi"]
[SourceDate "2005.09.25"]

1. e4 e5 2. Nf3 Nc6 3. Bc4 Bc5 4. c3 Nf6 5. d3 d6 6. Bb3 h6 7. Nbd2 O-O 8. Nc4
a6 9. h3 b5 10. Ne3 Be6 11. O-O Bb6 12. Re1 d5 13. exd5 Nxd5 14. Ng4 Bxg4 15.
hxg4 Qd6 16. g5 Nf4 17. Bxf4 exf4 18. d4 h5 19. Nh4 g6 20. Qd3 Ne7 21. Rxe7 1-0

[Event "4. Kesarovski-Georgiev Memorial"]
[Site "Sunny Beach BUL"]
[Date "2005.09.17"]
[Round "2.7"]
[White "Kjurkchiiski, Georgi"]
[Black "Yermishin, Viktor"]
[Result "1-0"]
[WhiteElo "2257"]
[BlackElo "2450"]
[PlyCount "109"]
[EventDate "2005.09.16"]
[EventType "swiss"]
[EventRounds "9"]
[EventCountry "BUL"]
[Source "lmi"]
[SourceDate "2005.09.25"]

1. e4 d5 2. exd5 Qxd5 3. Nc3 Qa5 4. d4 c6 5. Nf3 Bg4 6. h3 Bh5 7. g4 Bg6 8. Ne5
Nf6 9. h4 Be4 10. Nc4 Qc7 11. Nxe4 Nxe4 12. Qf3 Nd6 13. Bf4 Nd7 14. O-O-O Nb6
15. Nxd6+ exd6 16. Re1+ Be7 17. Qe4 Kf8 18. g5 Re8 19. Bh3 Qd8 20. Re2 Nd5 21.
Bd2 Nc7 22. Rhe1 g6 23. Qf3 h6 24. h5 Bxg5 25. hxg6 Bxd2+ 26. Kd1 f6 27. Kxd2
Kg7 28. Qb3 Rxe2+ 29. Rxe2 Kxg6 30. Bf5+ Kg7 31. Qxb7 h5 32. Qxc6 Re8 33. Rxe8
Nxe8 34. Qd7+ Qxd7 35. Bxd7 Nc7 36. c4 Kf7 37. Ke3 Ke7 38. Bf5 Ne8 39. b4 Ng7
40. Bh3 Kd8 41. d5 Kc7 42. c5 a6 43. Kd4 Ne8 44. a4 Ng7 45. b5 axb5 46. axb5 h4
47. Bg4 Ne8 48. b6+ Kb7 49. Bd7 Ng7 50. Bg4 Ne8 51. Kc4 Ng7 52. Kb5 dxc5 53.
Kxc5 f5 54. Bh3 Ne8 55. Bxf5 1-0

[Event "4. Kesarovski-Georgiev Memorial"]
[Site "Sunny Beach BUL"]
[Date "2005.09.17"]
[Round "2.9"]
[White "Rusev, Krasimir"]
[Black "Badev, Kiril"]
[Result "0-1"]
[WhiteElo "2426"]
[BlackElo "2241"]
[PlyCount "82"]
[EventDate "2005.09.16"]
[EventType "swiss"]
[EventRounds "9"]
[EventCountry "BUL"]
[Source "lmi"]
[SourceDate "2005.09.25"]

1. c4 d6 2. g3 e5 3. Bg2 Nf6 4. Nc3 Be7 5. e4 O-O 6. Nge2 Bg4 7. O-O c6 8. d4
Qc8 9. Be3 Na6 10. Qd2 Bh3 11. f3 Bxg2 12. Kxg2 Re8 13. Rac1 b6 14. d5 c5 15.
g4 Nc7 16. Ng3 a6 17. Kh1 b5 18. b3 Bf8 19. Qg2 bxc4 20. bxc4 Rb8 21. Rc2 Rb4
22. Nce2 Nd7 23. Nf5 Nb6 24. Rfc1 Qd7 25. Bd2 Ra4 26. Neg3 Rc8 27. f4 exf4 28.
Bxf4 Ne8 29. e5 dxe5 30. Bxe5 f6 31. Ba1 g6 32. Ne3 Bh6 33. Re1 Bxe3 34. Rxe3
Rxc4 35. Rxc4 Nxc4 36. Re6 Rb8 37. Qe4 Nd2 38. Qd3 Nc7 39. Qxd2 Nxe6 40. Ne4
Rb1+ 41. Kg2 Qxd5 0-1